| 000 | 00689nam a2200241 i 4500 | ||
|---|---|---|---|
| 001 | 9651 | ||
| 003 | ES-MaACL | ||
| 005 | 20240519063020.0 | ||
| 007 | t| | ||
| 008 | 931118s1991 sp ||||1| spa d | ||
| 020 | _a84-87101-38-0 | ||
| 080 | _a86-14"19" | ||
| 080 | _a86(Cremades,L.7 A.01) | ||
| 100 | 1 |
_aCremades, Luis. _941482 |
|
| 245 | 1 | 3 |
_aEl Animal favorito / _cLuis Cremades. |
| 260 |
_aValencia : _bPre-Textos, _cD.L. 1991. |
||
| 300 |
_a45 p. ; _c19 cm. |
||
| 490 | 1 |
_aPoesía (Editorial Pre-Textos) ; _v132 |
|
| 830 | 0 | 0 |
_aPoesía (Editorial Pre-Textos) ; _v132 _9236462 |
| 852 |
_aES-MaACL _j2148-F-3 _bR.120621 |
||
| 942 | _2udc | ||
| 999 |
_c9651 _d9651 |
||